• 首页
  • 本馆介绍
  • 公告通知
  • 最新文献
  • 馆藏检索
  • 电子资源
  • 读者导购
  • 参考咨询
  • 我的图书馆
  • 登录
  • 详细信息显示
  • 放入我的书架
  • 预约/预借图书
  • 作者相关作品
  • 分类相关作品
  • 丛书相关作品
  • 出版社相关作品

书目信息

  • 表格格式
  • 工作单格式
  • 卡片格式
题名:
版画
    
 
作者: 李桦 主编
分册: 2  
出版信息: 北京   人民美术出版社  1980
页数: 44页
开本: 26cm
丛书名:
单 册:
中图分类: J227
科图分类:
主题词: 版画--中国--现代--画册 , 绘画--中国
电子资源:
ISBN:
000 00543nam0 2200217 45
001 0180000206
005 20060818154241.71
010    @dCNY0.75
100    @a19960217d1980 em y0chiy0121 ea
101 0  @achi
102    @aCN@b110000
105    @aa z 000yy
200 10 @a版画@Aban hua@h2@f李桦等主编
210    @a北京@c人民美术出版社@d1980
215    @a44页@d26cm
606    @a版画@y中国@z现代@x画册
606 0  @a绘画@x中国
690    @aJ227@v3
701  0 @a李桦@Ali hua@4主编
801  0 @aCN@bTSSF@c20060818
905    @a10447@dJ227@e165:2
    
    版画.2/李桦等主编.-北京:人民美术出版社,1980
    44页;26cm
    
    
    ISBN :CNY0.75
    
●
相关链接 在E读中查询图书 在五车中查询图书 在当当中查询图书 在豆瓣中查询图书


正题名:版画     索取号:J227/165:2         预约/预借

序号 登录号 条形码 馆藏地/架位号 状态 备注
1 0466596   204665969   密集书库/ [索取号:J227/165:2] 在馆    
2 0466597   204665978   密集书库/ [索取号:J227/165:2] 在馆    
3 0466598   204665987   密集书库/ [索取号:J227/165:2] 在馆    
唐山师范学院图书馆 欢迎您!
大连网信软件有限公司© 版权所有